00289pab a2200121 454500008004000000100001900040245003600059260000900095300000900104362001100113650002800124773001500152180718b1986 xxu||||| |||| 00| 0 eng d aDang, Satyapal aPunjab policebWhy ineffective? c1986 a5,35 a2 Aug. aPolice - India - Punjab aMainstream